000 00250nam a22001097a 4500
005 20230609114839.0
008 230609b |||||||| |||| 00| 0 eng d
022 _a9770972691001
245 _aBANK MANAGEMENT
260 _bIUP PUBLICATION
942 _cJRL
999 _c8321
_d8319